zpět

Detail výsledku týmu

Krásná Morava, Olomouc

Datum a čas kvízu

12.5 Celkem bodů Celkový počet nahraných bodů na tomto kvízu bez doplňovacích otázek.
19. Pořadí na kvízu Konečné umístění týmu na tomto kvízu.

Zaznamenané odpovědi

# Otázka Odpověď Body Výsledky
1. Prázdné a nastartované BMW upo... štěnic 0
2. Ve Spojených státech se narodi... v roce 1994 (uznáváme 1992–1996) 0
3. Dcera jedné již nežijící hudeb... Jackson 0
4. Minulý týden ohlásila jedna če... Benu 1
5. Minulý týden se v Singapuru ko... o plavání (plaveckých sportech) 0
6. V tématu se zaměříme na nejrůz... v Japonsku 0
7. Stánků s langoši bylo v devade... Starej fotr 0
8. Instantní fotoaparáty se nejvě... Polaroid, Instax 1
9. Nejdříve trendy doplněk, pozdě... Kendall Jenner 0
10. Gramofonovým deskám leckdo pře... long play 1